National BIM report 2015 (Record no. 115462)

MARC details
000 -LEADER
fixed length control field 01366cad a22002415a 4500
001 - CONTROL NUMBER
control field L158699
008 - FIXED-LENGTH DATA ELEMENTS--GENERAL INFORMATION
fixed length control field 120214s2015 xxk f 000 0 eng d
035 ## - SYSTEM CONTROL NUMBER
System control number (Sirsi) u158699
041 0# - LANGUAGE CODE
Language code of text/sound track or separate title eng
110 2# - MAIN ENTRY--CORPORATE NAME
Corporate name or jurisdiction name as entry element National Buildings Specification
9 (RLIN) 5911
240 ## - UNIFORM TITLE
Uniform title BIM Survey
245 00 - TITLE STATEMENT
Title National BIM report 2015
Medium [electronic resource]
260 ## - PUBLICATION, DISTRIBUTION, ETC.
Place of publication, distribution, etc. [S.l.]
Name of publisher, distributor, etc. NBS
Date of publication, distribution, etc. 2015
505 2# - FORMATTED CONTENTS NOTE
Formatted contents note Introduction -- Completing BIM Level 2 -- BIM Survey summary of findings -- Levels of detail -- Levels of information -- Quality assured the impact of the NBS BIM Object Standard -- Cross-industry support for Level 2 BIM -- Validation employers' information requirements
520 ## - SUMMARY, ETC.
Summary, etc. Shows that BIM adoption is moving from being led by innovators and early adopters, towards being a more mature market, where the more mainstream are investigating and assessing the benefits of doing so. Time, levels of expertise and cost remain barriers to BIM adoption. The report examines the industry?s assessment of the Government?s decision to adopt BIM for centrally-procured government projects.
590 ## - LOCAL NOTE (RLIN)
Local note KA NTK
650 24 - SUBJECT ADDED ENTRY--TOPICAL TERM
Topical term or geographic name entry element BUILDING INFORMATION MODELLING
650 24 - SUBJECT ADDED ENTRY--TOPICAL TERM
Topical term or geographic name entry element BIM
9 (RLIN) 6219
651 #4 - SUBJECT ADDED ENTRY--GEOGRAPHIC NAME
Geographic name United Kingdom
Chronological subdivision
690 ## - LOCAL SUBJECT ADDED ENTRY--TOPICAL TERM (OCLC, RLIN)
Topical term or geographic name as entry element BIM
9 (RLIN) 6219
856 40 - ELECTRONIC LOCATION AND ACCESS
Uniform Resource Identifier <a href="https://www.thenbs.com/pdfs/NBS-National-BIM-Report-2015.pdf">https://www.thenbs.com/pdfs/NBS-National-BIM-Report-2015.pdf</a>
Public note View the item free of charge at www.thenbs.com
942 ## - ADDED ENTRY ELEMENTS (KOHA)
Suppress in OPAC 0
Holdings
Withdrawn status Lost status Source of classification or shelving scheme Damaged status Not for loan Home library Current library Shelving location Date acquired Total Checkouts Full call number Barcode Date last seen Copy number Price effective from Koha item type
    Dewey Decimal Classification     Virtual Virtual Online 24/06/2015   ONLINE PUBLICATION 158699-2001 06/08/2019 1 06/08/2019 Book